000 00411nam a2200169Ia 4500
001 12995
005 20260306163021.0
008 260306t9999||||xx |||||||||||||| ||spa||
041 _aESP
082 _aRD 610.3
_bG82
100 _aVerlag Freiburg, Munster
_eAUT
245 0 _aGrosses lexikon der medizin
300 _a476 páginas :
_c24 cm.
650 _aGEN
654 _aCPS
942 _cLIB
_dJUS
_fJUS
_2ddc
_n
999 _c12995
_d12995